| 000 | 00422cam a2200169ua 4500 | ||
|---|---|---|---|
| 041 |
_aeng _h |
||
| 082 |
_a624.18341 _bSIG/RE |
||
| 100 | _aSigalov, E . | ||
| 245 |
_aReinforced concrete / _cE Sigalov. _hTextual Documents |
||
| 250 |
_a1 / _b. |
||
| 260 |
_aMoscow : _bForeign Language Publishing House , _c1962. |
||
| 300 | _a393 ; . | ||
| 504 | _a | ||
| 700 | 1 | _aStrongin, S . | |
| 942 | _cBK | ||
| 999 |
_c2658 _d2658 |
||